Bước đầu tìm hiểu về dân ca ví, giặm xứ nghệ /

Van hoa,lich su va con ngươi xư Nghe.Đăc trưng cua dan ca Vi-Giam xư Nghe

Đã lưu trong:
Sonraí Bibleagrafaíochta
Príomhúdar: Lê Thị Khánh Ngọc
Údair Eile: ThS.Lưu Văn Din huong dan
Formáid: Luận văn Leabhar
Teanga:Vietnamese
Foilsithe: ĐHĐN-Trương ĐH ngoại ngữ, 2015.
Ábhair:
Clibeanna: Cuir Clib Leis
Gan Chlibeanna, Bí ar an gcéad duine leis an taifead seo a chlibeáil!
Thư viện lưu trữ: Mạng thư viện Đại học Đà Nẵng
LEADER 01485cam a22003851a 4500
001 000035588
003 11875
005 20230402103121.0
008 160301s2015 000 vie
040 |a LNN 
041 |a vie 
082 |a 398.95  |b LÊ-N 
100 |a Lê Thị Khánh Ngọc 
245 0 |a Bước đầu tìm hiểu về dân ca ví, giặm xứ nghệ /  |c Lê Thị Khánh Ngọc. 
246 |a Luan văn tot nghiep 
260 |b ĐHĐN-Trương ĐH ngoại ngữ,  |c 2015. 
300 |a 30cm :  |b 74 tr;. 
502 |a Luan văn sinh vien 
505 |a Chuyen nghanh Quoc te hoc 
520 |a Van hoa,lich su va con ngươi xư Nghe.Đăc trưng cua dan ca Vi-Giam xư Nghe 
650 |a Van hoa dan gian  |x Lich sư,dia ly,con ngươi xư Nghe  |y Dan ca xư Nghe 
653 |a Lê Thị Khánh Ngọc,2015, Bước đầu tìm hiểu về dân ca ví, giặm xứ nghệ 
700 |a ThS.Lưu Văn Din  |b huong dan 
852 |b Luan văn tot nghiep  |c SV Khoa Quoc te hoc 
OWN |a LNN 
AVA |a UDN50  |b LNN  |d 398.95 LÊ-N  |e available  |t Error 5001 Not defined in file expand_doc_bib_avail.  |f 2  |g 0  |h N  |i 0 
999 |a From the UDN01 
AVA |a UDN50  |b LNN  |d 398.95 LÊ-N  |e available  |t Error 5001 Not defined in file expand_doc_bib_avail.  |f 2  |g 0  |h N  |i 0 
TYP |a Dissertation 
TYP |a Monograph 
TYP |a Printed language 
980 |a Mạng thư viện Đại học Đà Nẵng